Jeux vidéo (2000-2010) - Statistiques

Statistiques générales
  • Ce quiz a été pris 87 fois
  • Le résultat moyen est 8 sur 16
Statistiques - réponses
Par images Réponse % Correct
Assassin's creed Brotherhood
87%
Wii Sport
87%
New Super Mario Bros
72%
Professeur Layton et l'appel du spectre
69%
Les Sims 3
68%
Mario Kart Wii
63%
Prince of Persia : Les sables du temps
56%
La légende de Spyro : Naissance d'un dragon
54%
The legend of Zelda : Wind Waker
50%
The legend of Zelda : Twilight Princess
44%
Flight Simulator X
41%
Call of duty Modern Warfare II
33%
Okami
32%
Rayman 3
29%
Wii Music
29%
Age of Empire III
26%
Aucun quiz correspondant
Distribution des résultats
% des personnes avec chaque résultat
Percentile par nombre de réponses
Votre historique - résultats
Vous n’avez pas pris ce quiz